Oldest NHL Player on Each Team (2020) - Statistics

General Stats
  • This quiz has been taken 109 times
  • The average score is 13 of 31
Answer Stats
Team Name Age Position % Correct
Bruins Zdeno Chára 42 D
95%
Sharks Joe Thornton 40 F
89%
Rangers Henrik Lundqvist 37 G
79%
Oilers Mike Smith 37 G
71%
Flames Mark Giordano 36 D
69%
Ducks Ryan Miller 39 G
67%
Capitals Alex Ovechkin 34 F
65%
Penguins Evgeni Malkin 33 F
63%
Blackhawks Duncan Keith 36 D
61%
Jets Blake Wheeler 33 F
54%
Hurricanes Justin Williams 38 F
51%
Wild Mikko Koivu 36 F
48%
Flyers Brian Elliott 34 G
46%
Devils Andy Greene 37 D
45%
King Dustin Brown 35 F
45%
Sabres Carter Hutton 34 G
38%
Maple Leafs Jason Spezza 36 F
38%
Islanders Johnny Boychuk 36 D
33%
Stars Joe Pavelski 35 F
32%
Senators Ron Hainsey 38 D
29%
Blues Jay Bouwmeester 36 D
27%
Golden Knights Deryk Engelland 37 D
26%
Lightning Curtis McElhinney 36 G
24%
Canucks Loui Eriksson 34 F
21%
Canadiens Ilya Kovalchuk 36 F
18%
Coyotes Alex Goligoski 34 D
17%
Panthers Brian Boyle 35 F
12%
Red Wings Trevor Daley 36 D
11%
Predators Pekka Rinne 37 D
6%
Avalanche Pierre-Édouard Bellemare 34 F
5%
Blue Jackets Nathan Gerbe 32 F
4%
No matching quizzes found
Score Distribution
Percent of People with Each Score
Percentile by Number Answered
Your Score History
You have not taken this quiz